000 00573nam a22001577a 4500
999 _c533560
_d533560
020 _qHard Cover.
082 _a660.01
100 _aMuhammad Saeed
245 _a Elucidating the Biological Activity of Salvadora Persica and Salvadora Oleoides by Exploiting In Silico and Wet Lab Approaches /
_cMuhammad Saeed.
260 _aIslamabad:
_bASAB - NUST,
_c2015.
300 _a89 p. :
_bill. ;
_c30cm.
942 _2ddc
_cTHE
650 _aHealthcare Biotechnology MS-Thesis.
_919254
700 _aDr. Aneela Javed
_919355